|
|
|
|
| LEADER |
02173nam a2200469 a 4500 |
| 001 |
nkc20061700298 |
| 003 |
CZ PrNK |
| 005 |
20220530103329.0 |
| 007 |
ta |
| 008 |
061204s2006 xr a f 100 0 cze |
| 015 |
|
|
|a cnb001700298
|
| 020 |
|
|
|a 80-7375-008-2
|q (brož.)
|
| 035 |
|
|
|a (OCoLC)85724378
|
| 040 |
|
|
|a BOA001
|b cze
|
| 041 |
0 |
|
|a cze
|a eng
|a slo
|b eng
|
| 072 |
|
7 |
|a 674
|x Dřevo. Dřevařský průmysl
|2 Konspekt
|9 19
|
| 080 |
|
|
|a 674.02
|2 MRF
|
| 080 |
|
|
|a 674
|2 MRF
|
| 080 |
|
|
|a 621.38.08
|2 MRF
|
| 080 |
|
|
|a (062.534)
|2 MRF
|
| 111 |
2 |
|
|a Elektronické měření a přejímka dříví (konference)
|d (2006 :
|c Brno, Česko)
|7 mzk2006358175
|
| 245 |
1 |
0 |
|a Elektronické měření a přejímka dříví :
|b mezinárodní konference : [sborník přednášek] = Electronic measurement and wood quality inspection : international conference : proceedings : Brno, 23.11.2006
|
| 246 |
3 |
1 |
|a Electronic measurement and wood quality inspection
|
| 260 |
|
|
|a V Brně :
|b Mendelova zemědělská a lesnická univerzita, Lesnická a dřevařská fakulta, Ústav základního zpracování dřeva,
|c 2006
|
| 300 |
|
|
|a 177 s. :
|b il. ;
|c 21 cm
|
| 500 |
|
|
|a Konference je součástí úkolu VZ MSM 6215648902 "Zásady hospodaření a optimalizace druhové skladby lesů v antropicky se měnících podmínkách pahorkatin a vysočin"
|
| 504 |
|
|
|a Obsahuje bibliografie
|
| 546 |
|
|
|a Část. anglický a slovenský text, anglická resumé
|
| 650 |
0 |
7 |
|a zpracování dřeva
|7 ph135488
|2 czenas
|
| 650 |
0 |
7 |
|a dřevozpracující průmysl
|7 ph114408
|2 czenas
|
| 650 |
0 |
7 |
|a elektronická měření
|7 ph119886
|2 czenas
|
| 650 |
0 |
9 |
|a wood processing
|2 eczenas
|
| 650 |
0 |
9 |
|a woodworking industry
|2 eczenas
|
| 650 |
0 |
9 |
|a electronic measurements
|2 eczenas
|
| 655 |
|
7 |
|a sborníky konferencí
|7 fd133333
|2 czenas
|
| 655 |
|
9 |
|a proceedings of conferences
|2 eczenas
|
| 710 |
2 |
|
|a Mendelova zemědělská a lesnická univerzita.
|b Ústav základního zpracování dřeva
|7 mzk2004248856
|
| 910 |
2 |
|
|a BOA001
|b 2-1177.449
|
| 990 |
|
|
|a BK
|
| 995 |
|
|
|a 01
|
| 991 |
|
|
|b 200612
|c NOV
|
| 996 |
6 |
|
|b 2610295130
|c 2-1177.449
|l MZK
|r Sklad / do 1 hodiny
|n 0
|p p.v.
|w 000834371
|u 000010
|a 1
|e BOA001
|j MZK50
|s P
|